00990 2200337 4500001002100000005001500021035002000036007000300056040001700059100003300076245010200109250001200211300003200223020002200255041000800277082001000285084001600295090002200311264004000333336002100373337003000394338002300424500002700447650001000474700004500484700004200529850001000571008004100581990001500622990001500637INLIS00000000000857020260519081610 a0010-0922001059ta aSBPUPADbind0 aIra Dhyani IndiraePengarang1 aSulam Pita Modern /cIra Dhyani Indira ;Pengarang-2,Halina Abdul Hadi ;Pengarang-3,Marlina Rahmat a.-cet.1 aiv,86 hlm :bilus. ;c23 cm a978-602-8453-50-9 aind a746.5 a746.5 IRA s a746.5 IRA s 23-10 a.--Jakarta; :bKriya Pustaka,c2012 2rdacontentateks 2rdamediaatanpa perantara 2rdacarrieravolume aTentang Penulis,hlm 84 4aSulam aPengarang-2,Halina Abdul HadiePengarang aPengarang-3,Marlina RahmatePengarang aPUPAD260519 0  a941/B/2013 a940/B/2013